Effect of compose tea on bok choy at crop station of Royal university of Agriculture; ប្រសិទ្ធភាពនៃជីតែកំប៉ុស្តិ៍លើដំណាំស្ពៃតឿនៅស្ថានីយ៍ពិសោធន៍ដំណាំនៃសាកលវិទ្យាល័យភូមិន្ទកសិកម្ម (Record no. 10961)

000 -LEADER
fixed length control field 00589nam a22001097a 4500
040 ## - CATALOGING SOURCE
Transcribing agency RUA
082 ## - DEWEY DECIMAL CLASSIFICATION NUMBER
Classification number AGR BON B541 2015 Or.1
100 ## - MAIN ENTRY--AUTHOR NAME
Personal name BON SOR; ប៊ន​ស
245 ## - TITLE STATEMENT
Title Effect of compose tea on bok choy at crop station of Royal university of Agriculture; ប្រសិទ្ធភាពនៃជីតែកំប៉ុស្តិ៍លើដំណាំស្ពៃតឿនៅស្ថានីយ៍ពិសោធន៍ដំណាំនៃសាកលវិទ្យាល័យភូមិន្ទកសិកម្ម
260 ## - PUBLICATION, DISTRIBUTION, ETC. (IMPRINT)
Place of publication Phnom Penh
Name of publisher RUA
Year of publication 2015
942 ## - ADDED ENTRY ELEMENTS (KOHA)
Koha item type AGR
952 ## - LOCATION AND ITEM INFORMATION (KOHA)
Withdrawn status [LOCAL, KOHA] 0
952 ## - LOCATION AND ITEM INFORMATION (KOHA)
Withdrawn status [LOCAL, KOHA] 0
952 ## - LOCATION AND ITEM INFORMATION (KOHA)
Withdrawn status [LOCAL, KOHA] 0
952 ## - LOCATION AND ITEM INFORMATION (KOHA)
Withdrawn status [LOCAL, KOHA] 0
952 ## - LOCATION AND ITEM INFORMATION (KOHA)
Withdrawn status [LOCAL, KOHA] 0
952 ## - LOCATION AND ITEM INFORMATION (KOHA)
Withdrawn status [LOCAL, KOHA] 0
952 ## - LOCATION AND ITEM INFORMATION (KOHA)
Withdrawn status [LOCAL, KOHA] 0
952 ## - LOCATION AND ITEM INFORMATION (KOHA)
Withdrawn status [LOCAL, KOHA] 0
Holdings
Permanent Location Date acquired Koha item type Lost status Shelving location Barcode Current Location Full call number
Library Block B2016-11-27AGR B541A05177Library Block BAGR BON B541 2015 Or.1
Library Block B2016-11-27AGR B541A05251Library Block BAGR BON B541 2015 Or.2
Library Block B2016-11-27AGR B541A05176Library Block BAGR BON B541 2015 Or.3
Library Block B2016-11-27AGR B541A05326Library Block BAGR BON B541 2015 Or.4
Library Block B2016-11-27AGR B541A05100Library Block BAGR BON B541 2015 Or.5
Library Block B2016-11-27AGR B541A05175Library Block BAGR BON B541 2015 Or.6
Library Block B2016-11-27AGR B541A05107Library Block BAGR BON B541 2015 Or.7
Library Block B2016-11-27AGR B541A05101Library Block BAGR BON B541 2015 Or.8
មជ្ឈមណ្ឌលឯការនៃសាកលវិទ្យាល័យភូមិន្ទកសិកម្មចំការដូង

Powered by Koha